TV Opening Credits III Quiz Stats

 Plays Quiz Updated Jan 20, 2016

Challenge
Share
Tweet
Score 0/20 Timer 08:00
1 Play Today
% Correct
The X-Files
85.6%
Smallville
85%
The West Wing
83.7%
Cheers
72.7%
Arrested Development
69.5%
Freaks and Geeks
66.8%
The Andy Griffith Show
66%
The Wonder Years
65%
Psych
61.3%
Hey Arnold!
61%
% Correct
Heroes
48.7%
Gotham
48.2%
Parenthood
37%
Unbreakable Kimmy Schmidt
35.5%
Weeds
31.5%
Ugly Betty
30.8%
Narcos
30.3%
Boardwalk Empire
29.6%
Prison Break
27.6%
Twin Peaks
25.3%

You're not logged in!

Compare scores with friends on all Sporcle quizzes.
Join for Free
OR
Log In

You Might Also Like...

Show Comments

Extras

Top Quizzes Today


Score Distribution

Your Account Isn't Verified!

In order to create a playlist on Sporcle, you need to verify the email address you used during registration. Go to your Sporcle Settings to finish the process.

Report this User

Report this user for behavior that violates our Community Guidelines.

Details: